000 00259nam a2200121Ia 4500
008 190216s9999||||xx |||||||||||||| ||und||
100 _aKumaranasan N
245 0 _aKaruna
260 _bRupa & Co.
_c1989
300 _a67p
650 _aKavithkal
942 _cBK
999 _c26464
_d26464